Sports Quiz

Random Sports or Olympics Quiz

Winter Olympic Countries Quiz Stats

 Plays Quiz Updated Oct 3, 2018

Challenge
Share
Tweet
Embed
Score 0/12 Timer 02:00
1 Play Today
Countries % Correct
United States (USA)
98.5%
Canada (CAN)
94.6%
France (FRA)
87.6%
Sweden (SWE)
85.6%
Norway (NOR)
84.2%
Great Britain (GBR)
80.2%
Finland (FIN)
80%
Italy (ITA)
79.3%
Switzerland (SUI)
76%
Austria (AUT)
66.7%
Poland (POL)
56%
Hungary (HUN)
32.8%

You're not logged in!

Compare scores with friends on all Sporcle quizzes.
OR
Log In

You Might Also Like...

Show Comments

Extras

Top Quizzes Today


Score Distribution

Your Account Isn't Verified!

In order to create a playlist on Sporcle, you need to verify the email address you used during registration. Go to your Sporcle Settings to finish the process.

Report this User

Report this user for behavior that violates our Community Guidelines.

Details: